Tous les résultats de l'OM 2024/25 - Statistiques

Statistiques générales
  • Ce quiz a été pris 18 fois
  • Le résultat moyen est 25 sur 40
Statistiques - réponses
Hint Réponse % Correct
Brest - Marseille (Ligue 1) 1-5
88%
Marseille - Nice (Ligue 1) 2-0
88%
Marseille - Paris (Ligue 1) 0-3
82%
Strasbourg - Marseille (Ligue 1) 1-0
82%
Toulouse - Marseille (Ligue 1) 1-3
82%
Marseille - Reims (Ligue 1) 2-2
82%
Lyon - Marseille (Ligue 1) 2-3
82%
Saint-Étienne - Marseille (Coupe de France) 0-4
76%
Marseille - Lille (Coupe de France) 1-1
76%
Marseille - Auxerre (Ligue 1) 1-3
76%
Marseille - Lens (Ligue 1) 0-1
71%
Montpellier - Marseille (Ligue 1) 0-5
71%
Marseille - Strasbourg (Ligue 1) 1-1
71%
Nantes - Marseille (Ligue 1) 1-2
71%
Lens - Marseille (Ligue 1) 1-3
71%
Nice - Marseille (Ligue 1) 2-0
71%
Marseille - Monaco (Ligue 1) 2-1
71%
Marseille - Lyon (Ligue 1) 3-2
71%
Marseille - Le Havre (Ligue 1) 5-1
71%
Marseille - Saint-Étienne (Ligue 1) 5-1
71%
Saint-Étienne - Marseille (Ligue 1) 0-2
65%
Marseille - Angers (Ligue 1) 1-1
65%
Marseille - Lille (Ligue 1) 1-1
65%
Marseille - Nantes (Ligue 1) 2-0
65%
Auxerre - Marseille (Ligue 1) 3-0
65%
Paris - Marseille (Ligue 1) 3-1
65%
Rennes - Marseille (Ligue 1) 1-2
59%
Marseille - Toulouse (Ligue 1) 3-2
59%
Angers - Marseille (Ligue 1) 0-2
53%
Monaco - Marseille (Ligue 1) 3-0
53%
Lille - Marseille (Ligue 1) 1-1
47%
Reims - Marseille (Ligue 1) 3-1
47%
Marseille - Rennes (Ligue 1) 4-2
47%
Marseille - Montpellier (Ligue 1) 5-1
47%
Marseille - Nîmes (Matchs Amicaux) 0-2
35%
Le Havre - Marseille (Ligue 1) 1-3
35%
Marseille - Brest (Ligue 1) 4-1
35%
Marseille - Sunderland (Matchs Amicaux) 2-2
29%
Marseille - Toulon (Matchs Amicaux) 3-0
29%
Augsbourg - Marseille (Matchs Amicaux) 1-3
18%
Aucun quiz correspondant
Distribution des résultats
% des personnes avec chaque résultat
Percentile par nombre de réponses
Votre historique - résultats
Vous n’avez pas pris ce quiz